Toy Story Quotes - Statistics

General Stats
  • This quiz has been taken 1,015 times
  • The average score is 9 of 13
Answer Stats
Quote Character % Correct
You are a child's play thing! Woody
97%
Any dinosaur-shaped ones? Rex
93%
Don't you get it?! You see the hat?! I am Mrs. Nezbit! Buzz Lightyear
89%
Gee, I'd better shave! Mr. Potato Head
79%
You are a sad, strange little man, and you have my pity. Farewell Buzz Lightyear
77%
What do you say I get someone else to watch the sheep tonight? Bo Peep
75%
THE TOYS...THE TOYS ARE ALIVE! Nice Toy...AHH! Sid
74%
Oh, for crying out loud they're all in boxes, you idiot! Hamm
65%
I don't like confrontation! Rex
59%
Oh no, it's a Combat-Carl... Woody
59%
Let's go home and play... Sid
55%
Son of a building block! It's Woody! Mr. Potato Head
51%
Molly's first present is... Mrs. Potato Head! Repeat, a Mrs. Potato Head! Sergeant
47%
No matching quizzes found
Score Distribution
Percent of People with Each Score
Percentile by Number Answered
Your Score History
You have not taken this quiz